000
00342nam a2200133 a 4500
005
20140414131929.0
008
101103s19uu xx 00 eng d
020
_a
0-439-43965-5
050
_a
M 595.78
_b
R67 2003
100
_a
Roop, Connie
245
_a
Millions of monarchs.
260
_a
New York :
_b
Scholastic ,
_c
2003.
999
_c
112185
_d
112185